00391nam a2200133Ia 4500003000900000008004100009040003300050041000800083080001300091100002200104245006100126260005500187300001500242LK-CoDNM010623t2005 xxu||||| |||| 00| 1 eng d aLK-CoDNMdLK-CoDNMeLK-CoDNM aeng a396bBAS aBastians,Dharisha aPrabodhini : Equality for Women in Peace and Public Life bNational Peace Council of Sri LankaaColomboc2005 b16p, 18 cm